| 000 | 00409nam a2200157Ia 4500 | ||
|---|---|---|---|
| 008 | 230917s9999||||xx |||||||||||||| ||und|| | ||
| 040 |
_e114070 _aMAIN |
||
| 041 | _aEnglish | ||
| 082 | _a547.2 C237M | ||
| 100 | _aCarruthers, W. | ||
| 245 | 0 | _aModern methods of organic synthesis | |
| 250 | _a4th Ed. ed. | ||
| 260 |
_aNew York _bCambridge University Press _c2004 |
||
| 300 | _aviii,493p p. | ||
| 942 | _cBK | ||
| 999 |
_c139857 _d139857 |
||